Athar al-ḥaḍārah al-ʻArabīyah al-Islāmīyah fī al-fikr al-Gharbīyah : nadwah fikrīyah /

Disimpan dalam:
Butiran Bibliografi
Pengarang Utama: Nājī, ʻAbd al-Jabbār.
Pengarang-pengarang Lain: Dhunūn, ʻAbd al-Wāḥid., Kubaysī, Khalīl Ibrāhīm., ʻAbd al-Laṭīf, Bahjat Kāmil.
Format: Buku
Bahasa:Arabic
Diterbitkan: Baghdād : Bayt al-Ḥikmah, Qism al-Dirāsāt al-Tārīkhīyah, 1997.
Edisi:al-Ṭabʻah 1.
Siri:Silsilat al-māʾidah al-ḥurrah ; 5.
Subjek-subjek:
Penanda-penanda: Tambah Penanda
Tiada Penanda, Jadilah orang pertama menanda rekod ini!
LEADER 01115nam a2200265 a 4500
001 007775583-9
005 20020606104010.5
008 900517s1997 iq b f000|0 ara d
035 0 |a ocm39092909 
100 1 |a Nājī, ʻAbd al-Jabbār. 
245 1 0 |a Athar al-ḥaḍārah al-ʻArabīyah al-Islāmīyah fī al-fikr al-Gharbīyah :  |b nadwah fikrīyah /  |c al-bāḥithūn ʻAbd al-Jabbār Nājī, ʻAbd al-Wāḥid Dhunūn ; al-muʻaqqabūn Bahjat Kāmil ʻAbd al-Laṭīf, Khalīl Ibrāhīm al-Kubaysī. 
250 |a al-Ṭabʻah 1. 
260 |a Baghdād :  |b Bayt al-Ḥikmah, Qism al-Dirāsāt al-Tārīkhīyah,  |c 1997. 
300 |a 161 p. ;  |c 21 cm. 
490 1 |a Silsilat al-māʾidah al-ḥurrah ;  |v 5 
504 |a Includes bibliographical references. 
650 0 |a Civilization, Western  |x Arab influences. 
650 0 |a Civilization, Western  |x Islamic influences. 
700 1 |a Dhunūn, ʻAbd al-Wāḥid. 
700 1 |a Kubaysī, Khalīl Ibrāhīm. 
700 2 |a ʻAbd al-Laṭīf, Bahjat Kāmil. 
752 |a Iraq  |d Baghdad. 
830 0 |a Silsilat al-māʾidah al-ḥurrah ;  |v 5. 
988 |a 20020608 
906 |0 MH